[Event "MDA-ch"]
[Site "Kishinev"]
[Date "2009.01.28"]
[Round "13"]
[White "Opinca, Sorin"]
[Black "Hamitevici, Vladimir"]
[Result "1/2-1/2"]
[WhiteElo "2201"]
[BlackElo "2406"]
[PlyCount "68"]
[EventDate "2009.01.16"]
[EventType "tourn"]
[EventRounds "13"]
[EventCountry "MDA"]
[EventCategory "3"]
[SourceTitle "EXT 2010"]
[Source "ChessBase"]
[SourceDate "2010.11.25"]
[SourceVersion "1"]
[SourceVersionDate "2010.11.25"]
[SourceQuality "1"]

1. d4 d5 2. c4 dxc4 3. Nf3 Nf6 4. e3 a6 5. Bxc4 e6 6. 0-0 c5 7. e4 b5 8. Bd3 Bb7 9. e5 Nfd7 10. a4 b4 11. Bg5 Be7 12. Bxe7 Qxe7 13. Nbd2 cxd4 14. Be4 Bxe4 15. Nxe4 Nc6 16. Nd6+ Kf8 17. Nc4 g6 18. Re1 Qc5 19. Rc1 Qd5 20. Ne3 dxe3 21. Qxd5 exd5 22. Rxc6 exf2+ 23. Kxf2 Re8 24. Kg3 Re6 25. Rc7 Re7 26. a5 Nb8 27. Rec1 Nd7 28. Rc8+ Kg7 29. Rxh8 Kxh8 30. Rc7 Kg7 31. Nd4 Kf8 32. Nc6 Re6 33. Nd4 Re7 34. Nc6 Re6 1/2-1/2

[Event "MDA-ch"]
[Site "Kishinev"]
[Date "2009.01.25"]
[Round "10"]
[White "Bargan, Sergei"]
[Black "Opinca, Sorin"]
[Result "1/2-1/2"]
[WhiteElo "2327"]
[BlackElo "2201"]
[PlyCount "134"]
[EventDate "2009.01.16"]
[EventType "tourn"]
[EventRounds "13"]
[EventCountry "MDA"]
[EventCategory "3"]
[SourceTitle "EXT 2010"]
[Source "ChessBase"]
[SourceDate "2010.11.25"]
[SourceVersion "1"]
[SourceVersionDate "2010.11.25"]
[SourceQuality "1"]

1. e4 c5 2. f4 Nc6 3. Nf3 g6 4. Bb5 Nd4 5. Bc4 Bg7 6. 0-0 e6 7. c3 Nxf3+ 8. Qxf3 Ne7 9. f5 gxf5 10. exf5 Nxf5 11. d4 Qe7 12. d5 Nd6 13. Bd3 f5 14. Be3 Nf7 15. dxe6 dxe6 16. Bb5+ Kf8 17. Nd2 Ne5 18. Qh5 a6 19. Ne4 b6 20. Bg5 Qf7 21. Qd1 Bb7 22. Nd6 Qg6 23. Nxb7 Qxg5 24. Be2 Qe7 25. Qb3 b5 26. Kh1 c4 27. Qb4 Qxb4 28. cxb4 Ke7 29. Rad1 Nc6 30. b3 c3 31. Nc5 Rhd8 32. a3 c2 33. Rc1 Bb2 34. Rxc2 Bxa3 35. Nxe6 Rd6 36. Ng7 Nd4 37. Nxf5+ Nxf5 38. Rxf5 Rad8 39. h4 Bxb4 40. Rc7+ R8d7 41. Rxd7+ Rxd7 42. Rh5 Kf8 43. Rh6 Ra7 44. Bd3 Kg8 45. g4 Bf8 46. Rc6 h6 47. Kg2 Rd7 48. Be4 Rd6 49. Rc7 a5 50. Rb7 a4 51. bxa4 bxa4 52. Kf3 a3 53. Ra7 Rf6+ 54. Bf5 h5 55. Kf4 hxg4 56. Kxg4 Rb6 57. Kg5 Bh6+ 58. Kh5 Bc1 59. Be4 Kf8 60. Kg4 Rb4 61. Kf5 Rb5+ 62. Kf6 Bb2+ 63. Kg6 Rb6+ 64. Kg5 Bc1+ 65. Kg4 Rb4 66. Kf3 Rb3+ 67. Kg2 Rb4 1/2-1/2

[Event "MDA-ch"]
[Site "Kishinev"]
[Date "2009.01.23"]
[Round "8"]
[White "Vedmediuc, Serghei"]
[Black "Opinca, Sorin"]
[Result "1-0"]
[WhiteElo "2414"]
[BlackElo "2201"]
[PlyCount "103"]
[EventDate "2009.01.16"]
[EventType "tourn"]
[EventRounds "13"]
[EventCountry "MDA"]
[EventCategory "3"]
[SourceTitle "EXT 2010"]
[Source "ChessBase"]
[SourceDate "2010.11.25"]
[SourceVersion "1"]
[SourceVersionDate "2010.11.25"]
[SourceQuality "1"]

1. e4 c5 2. Nf3 Nc6 3. d4 cxd4 4. Nxd4 e5 5. Nb5 d6 6. N1c3 a6 7. Na3 Be7 8. Be3 Nf6 9. Nc4 b5 10. Nb6 Rb8 11. Nxc8 Qxc8 12. a4 b4 13. Nd5 Nxd5 14. exd5 Nd4 15. Bd3 b3 16. cxb3 Nxb3 17. Rb1 0-0 18. 0-0 f5 19. Qe2 f4 20. Bd2 Nxd2 21. Qxd2 f3 22. Rfe1 Qg4 23. g3 Rb4 24. Qc2 Rc8 25. Bxh7+ Kh8 26. Qf5 Qxf5 27. Bxf5 Rcb8 28. Re3 Rxb2 29. Rxb2 Rxb2 30. Rxf3 Rb4 31. Rc3 g6 32. Bd7 Kg7 33. Rc7 Bd8 34. Rc6 Rb6 35. h4 Kf6 36. Kg2 Ke7 37. Bc8 a5 38. Ba6 Rb2 39. Bd3 Bb6 40. Bxg6 Rxf2+ 41. Kh3 Bc5 42. Ra6 Kf6 43. h5 Bb4 44. Ra7 Rd2 45. Be4 Bc5 46. Rb7 Kg5 47. Rg7+ Kf6 48. Rg6+ Kf7 49. h6 Rb2 50. h7 Rb8 51. Bf5 Rh8 52. Rg8 1-0

[Event "MDA-ch"]
[Site "Kishinev"]
[Date "2009.01.22"]
[Round "7"]
[White "Opinca, Sorin"]
[Black "Agafii, Victor"]
[Result "1/2-1/2"]
[WhiteElo "2201"]
[BlackElo "2260"]
[PlyCount "28"]
[EventDate "2009.01.16"]
[EventType "tourn"]
[EventRounds "13"]
[EventCountry "MDA"]
[EventCategory "3"]
[SourceTitle "EXT 2010"]
[Source "ChessBase"]
[SourceDate "2010.11.25"]
[SourceVersion "1"]
[SourceVersionDate "2010.11.25"]
[SourceQuality "1"]

1. d4 e6 2. Nf3 Nf6 3. c4 b6 4. g3 Bb7 5. Bg2 Be7 6. 0-0 d6 7. d5 e5 8. Nc3 0-0 9. e4 Ne8 10. Ne1 Nd7 11. Nd3 Nc5 12. b4 Nxd3 13. Qxd3 a5 14. b5 Nf6 1/2-1/2

[Event "MDA-ch"]
[Site "Kishinev"]
[Date "2009.01.17"]
[Round "2"]
[White "Opinca, Sorin"]
[Black "Podgursky, Sten"]
[Result "0-1"]
[WhiteElo "2201"]
[BlackElo "2255"]
[PlyCount "84"]
[EventDate "2009.01.16"]
[EventType "tourn"]
[EventRounds "13"]
[EventCountry "MDA"]
[EventCategory "3"]
[SourceTitle "EXT 2010"]
[Source "ChessBase"]
[SourceDate "2010.11.25"]
[SourceVersion "1"]
[SourceVersionDate "2010.11.25"]
[SourceQuality "1"]

1. Nf3 d5 2. c4 dxc4 3. Qa4+ Nd7 4. g3 a6 5. Qxc4 b5 6. Qc2 c5 7. Bg2 Bb7 8. 0-0 Ngf6 9. d3 e6 10. Nbd2 Be7 11. b3 0-0 12. Bb2 Rc8 13. Rac1 Qc7 14. Rfd1 Rfd8 15. Qb1 Qb8 16. Qa1 Bf8 17. Nf1 Nd5 18. Ne5 Nxe5 19. Bxe5 Qa8 20. Ne3 Nxe3 21. Bxb7 Qxb7 22. fxe3 f6 23. Bc3 c4 24. bxc4 bxc4 25. Be1 cxd3 26. Rxc8 Rxc8 27. Rxd3 Rc2 28. Rd2 Rxd2 29. Bxd2 Qb5 30. Qd1 Kf7 31. Bc3 Bc5 32. Kf2 Qc6 33. Bd4 Be7 34. Qd3 g6 35. e4 Qa4 36. e5 f5 37. Qd2 g5 38. e4 fxe4 39. Ke3 g4 40. Qf2+ Kg6 41. Kxe4 Qc4 42. Qb2 Bc5 0-1

[Event "EU-ch U18 18th"]
[Site "Herceg Novi"]
[Date "2008.09.17"]
[Round "3"]
[White "Kopylov, Alexander A"]
[Black "Opinca, Sorin"]
[Result "1-0"]
[WhiteElo "2421"]
[BlackElo "2175"]
[PlyCount "107"]
[EventDate "2008.09.15"]
[EventType "swiss"]
[EventRounds "9"]
[EventCountry "MNE"]
[SourceTitle "CBM 126 Extra"]
[Source "ChessBase"]
[SourceDate "2008.11.05"]
[SourceVersion "1"]
[SourceVersionDate "2008.11.05"]
[SourceQuality "1"]

1. d4 d5 2. c4 dxc4 3. Nf3 Nf6 4. e3 e6 5. Bxc4 a6 6. 0-0 Nbd7 7. a4 b6 8. Re1 Bb7 9. Nbd2 c5 10. e4 Be7 11. e5 Nd5 12. Ne4 h6 13. b3 0-0 14. Ba3 Rc8 15. Rc1 Rc7 16. Nd6 Bxd6 17. exd6 Rc8 18. Bf1 a5 19. Bb5 Nb4 20. Bb2 Bd5 21. Nd2 Nf6 22. dxc5 Rxc5 23. Nc4 Bc6 24. Bxc6 Rxc6 25. Qd4 Nbd5 26. Ba3 Nd7 27. h4 Qf6 28. Qg4 g6 29. Bb2 Qf5 30. Qd4 Qf6 31. Qe4 Nc5 32. Qg4 Qf5 33. Qd4 f6 34. Ne3 Nxe3 35. Rxe3 Qd5 36. Qg4 Kh7 37. Rd1 Qf5 38. Qc4 Rcc8 39. Rf3 Nd7 40. Qc7 Rxc7 41. dxc7 Qd5 42. Rxd5 exd5 43. Bxf6 Rc8 44. Bd8 Kg7 45. Rd3 Nf6 46. Bxf6+ Kxf6 47. Rxd5 Rxc7 48. Rd6+ Kf5 49. Rxb6 Rc3 50. g3 g5 51. Rxh6 Rxb3 52. Rh5 Kg4 53. Rxg5+ Kh3 54. Kf1 1-0

[Event "Kishinev Independence Cup"]
[Site "Kishinev"]
[Date "2008.08.12"]
[Round "5"]
[White "Biliy, Vadim"]
[Black "Opinca, Sorin"]
[Result "0-1"]
[WhiteElo "2346"]
[BlackElo "2175"]
[PlyCount "96"]
[EventDate "2008.08.08"]
[EventType "tourn"]
[EventRounds "11"]
[EventCountry "MDA"]
[SourceTitle "EXT 2010"]
[Source "ChessBase"]
[SourceDate "2010.11.25"]
[SourceVersion "1"]
[SourceVersionDate "2010.11.25"]
[SourceQuality "1"]

1. f4 c5 2. Nf3 Nc6 3. e3 g6 4. Be2 Bg7 5. 0-0 e6 6. d3 Nge7 7. Qe1 0-0 8. Nc3 a6 9. Qh4 d5 10. e4 b6 11. Kh1 Bb7 12. f5 exf5 13. Bh6 f6 14. exd5 Nxd5 15. Rae1 g5 16. Nxg5 fxg5 17. Bxg5 Qd7 18. Nxd5 Qxd5 19. Bf3 Qd7 20. Qc4+ Kh8 21. Qe6 Qxe6 22. Rxe6 Nd4 23. Rxb6 Bxf3 24. gxf3 Rfb8 25. Rxb8+ Rxb8 26. b3 Re8 27. Rf2 Nb5 28. Kg2 Bd4 29. Rd2 Rg8 30. h4 h6 31. c4 Nc7 32. f4 hxg5 33. fxg5 Re8 34. Kf3 Kg7 35. a3 Kg6 36. b4 Re3+ 37. Kg2 Bc3 38. Rd1 cxb4 39. axb4 Bxb4 40. d4 Rc3 41. c5 Nd5 42. Rh1 Nf4+ 43. Kf2 Rd3 44. h5+ Nxh5 45. c6 Rxd4 46. c7 Rc4 47. Rh4 Rc2+ 48. Kf1 a5 0-1

[Event "Ilichevsk Sunny Pawn-A"]
[Site "Ilichevsk"]
[Date "2008.07.31"]
[Round "11"]
[White "Tisevich, Roman"]
[Black "Opinca, Sorin"]
[Result "1/2-1/2"]
[WhiteElo "2387"]
[BlackElo "2175"]
[PlyCount "39"]
[EventDate "2008.07.20"]
[EventType "tourn"]
[EventRounds "11"]
[EventCountry "UKR"]
[SourceTitle "CBM 125 Extra"]
[Source "ChessBase"]
[SourceDate "2008.09.01"]
[SourceVersion "1"]
[SourceVersionDate "2008.09.01"]
[SourceQuality "1"]

1. e4 d5 2. exd5 Qxd5 3. Nc3 Qd6 4. Nf3 Nf6 5. d4 a6 6. Be2 Nc6 7. 0-0 Bg4 8. h3 Bxf3 9. Bxf3 0-0-0 10. Bxc6 Qxc6 11. Bg5 Rg8 12. Qd3 e6 13. Bxf6 gxf6 14. d5 exd5 15. Qxh7 Bb4 16. Rad1 Bxc3 17. bxc3 d4 18. Qf5+ Kb8 19. g3 Qxc3 20. Qf4 1/2-1/2

[Event "Ilichevsk Sunny Pawn-A"]
[Site "Ilichevsk"]
[Date "2008.07.30"]
[Round "10"]
[White "Opinca, Sorin"]
[Black "Turutin, Alexander"]
[Result "0-1"]
[WhiteElo "2175"]
[BlackElo "2321"]
[PlyCount "81"]
[EventDate "2008.07.20"]
[EventType "tourn"]
[EventRounds "11"]
[EventCountry "UKR"]
[SourceTitle "CBM 125 Extra"]
[Source "ChessBase"]
[SourceDate "2008.09.01"]
[SourceVersion "1"]
[SourceVersionDate "2008.09.01"]
[SourceQuality "1"]

1. Nf3 Nf6 2. c4 g6 3. d4 Bg7 4. Nc3 0-0 5. g3 d6 6. Bg2 c6 7. 0-0 Nbd7 8. e4 e5 9. b3 a6 10. dxe5 dxe5 11. Ba3 Re8 12. Bd6 Nh5 13. Qd2 Nf8 14. h3 Ne6 15. c5 b5 16. cxb6 Qxb6 17. Bxe5 Bxe5 18. Nxe5 Nxg3 19. Rfd1 Qc5 20. Ng4 Nh5 21. e5 Rd8 22. Qe3 Qxe3 23. fxe3 Ra7 24. Ne4 Kg7 25. Nef6 c5 26. Rxd8 Nxd8 27. Rd1 Ne6 28. Nxh5+ gxh5 29. Nf6 Kh6 30. h4 a5 31. Kf2 a4 32. Bd5 Nf8 33. bxa4 Ng6 34. Rg1 Bg4 35. Nxg4+ hxg4 36. Rxg4 Nxe5 37. Rg5 f6 38. Rf5 Kg7 39. Bb3 c4 40. Bc2 Rd7 41. Rf4 0-1

[Event "Ilichevsk Sunny Pawn-A"]
[Site "Ilichevsk"]
[Date "2008.07.26"]
[Round "7"]
[White "Opinca, Sorin"]
[Black "Kurochkin, Valery"]
[Result "0-1"]
[WhiteElo "2175"]
[BlackElo "2144"]
[PlyCount "142"]
[EventDate "2008.07.20"]
[EventType "tourn"]
[EventRounds "11"]
[EventCountry "UKR"]
[SourceTitle "CBM 125 Extra"]
[Source "ChessBase"]
[SourceDate "2008.09.01"]
[SourceVersion "1"]
[SourceVersionDate "2008.09.01"]
[SourceQuality "1"]

1. d4 Nf6 2. c4 e6 3. Nf3 d5 4. Nc3 c6 5. cxd5 exd5 6. Bg5 h6 7. Bh4 Bf5 8. e3 Nbd7 9. Bd3 Bxd3 10. Qxd3 Be7 11. 0-0 0-0 12. Rab1 a5 13. Qc2 Nh5 14. Bxe7 Qxe7 15. a3 f5 16. Rfe1 Nhf6 17. Nh4 Ng4 18. g3 Qe6 19. b4 axb4 20. axb4 g5 21. Nf3 Ngf6 22. b5 Ne4 23. Rec1 Ra3 24. Rb3 Rxb3 25. Qxb3 g4 26. Nxe4 fxe4 27. Nh4 Qf7 28. Qa2 cxb5 29. Rc7 Qe6 30. Rxb7 Qc6 31. Ra7 Nb6 32. Kg2 b4 33. Qe2 h5 34. h3 Qc4 35. Qd1 Qd3 36. Qe1 Qc3 37. Qe2 Qc4 38. Qd1 Qd3 39. Qe1 Qc3 40. Qd1 b3 41. Ng6 Qc2 42. Ne7+ Kg7 43. Nxd5+ Rf7 44. Rxf7+ Kxf7 45. Qa1 Nxd5 46. Qa7+ Ne7 47. Qa5 gxh3+ 48. Kxh3 Qe2 49. Qb6 Qc4 50. Kg2 Qe6 51. Qb5 Kg6 52. Qe8+ Qf7 53. Qb5 Qf3+ 54. Kg1 Qd1+ 55. Kg2 Qf3+ 56. Kg1 Qf7 57. Kg2 Qf3+ 58. Kg1 Qd1+ 59. Kg2 Qc2 60. Qe8+ Kf6 61. Qf8+ Ke6 62. Qh6+ Kd7 63. d5 Nxd5 64. Qg7+ Kc6 65. Qg6+ Kc5 66. Qf5 Kc4 67. Qe6 Qd3 68. Qc6+ Kb4 69. Qd6+ Kc3 70. Qc5+ Qc4 71. Qa3 Kc2 0-1

[Event "Ilichevsk Sunny Pawn-A"]
[Site "Ilichevsk"]
[Date "2008.07.24"]
[Round "5"]
[White "Opinca, Sorin"]
[Black "Shalimov, Valery"]
[Result "0-1"]
[WhiteElo "2175"]
[BlackElo "2438"]
[PlyCount "116"]
[EventDate "2008.07.20"]
[EventType "tourn"]
[EventRounds "11"]
[EventCountry "UKR"]
[SourceTitle "CBM 125 Extra"]
[Source "ChessBase"]
[SourceDate "2008.09.01"]
[SourceVersion "1"]
[SourceVersionDate "2008.09.01"]
[SourceQuality "1"]

1. d4 Nf6 2. c4 e6 3. Nf3 d5 4. Nc3 c6 5. cxd5 exd5 6. Bg5 h6 7. Bh4 Bf5 8. e3 Nbd7 9. Bd3 Bxd3 10. Qxd3 Be7 11. 0-0 0-0 12. h3 a5 13. Nd2 Re8 14. f3 Nh5 15. Bf2 Bh4 16. g4 Bxf2+ 17. Rxf2 Nhf6 18. Kg2 Nf8 19. h4 Qe7 20. Nf1 a4 21. Ne2 N6d7 22. Neg3 Qxh4 23. Nf5 Qg5 24. N1g3 Re6 25. Rh1 Rae8 26. Qd1 Nb6 27. f4 Qd8 28. b3 axb3 29. axb3 Rg6 30. g5 Ree6 31. Nh4 hxg5 32. Nxg6 fxg6 33. Qg4 gxf4 34. Rxf4 Nbd7 35. Qh3 Rf6 36. Qh8+ Kf7 37. Rhf1 Ne6 38. Rxf6+ gxf6 39. Qh7+ Ng7 40. e4 Nf8 41. Qh4 Nfe6 42. e5 f5 43. Qxd8 Nxd8 44. Ra1 Nge6 45. Ne2 g5 46. Rh1 Kg6 47. Rh8 f4 48. Kf3 Kf5 49. Rg8 Nf7 50. b4 g4+ 51. Kf2 Nfg5 52. b5 Ne4+ 53. Ke1 f3 54. bxc6 bxc6 55. Nc1 Nxd4 56. Nd3 g3 57. Rf8+ Ke6 58. Kf1 g2+ 0-1

[Event "Ilichevsk Sunny Pawn-A"]
[Site "Ilichevsk"]
[Date "2008.07.23"]
[Round "4"]
[White "Poleshchuk, Dmitriy"]
[Black "Opinca, Sorin"]
[Result "1-0"]
[WhiteElo "2183"]
[BlackElo "2175"]
[PlyCount "23"]
[EventDate "2008.07.20"]
[EventType "tourn"]
[EventRounds "11"]
[EventCountry "UKR"]
[SourceTitle "CBM 125 Extra"]
[Source "ChessBase"]
[SourceDate "2008.09.01"]
[SourceVersion "1"]
[SourceVersionDate "2008.09.01"]
[SourceQuality "1"]

1. e4 d5 2. exd5 Qxd5 3. Nc3 Qa5 4. d4 Nf6 5. Bc4 Nc6 6. Bd2 Qb6 7. Nge2 Bg4 8. f3 Na5 9. Bd3 Bd7 10. b4 Qxb4 11. Nb5 Qa4 12. Nec3 1-0

[Event "Kishinev ULIM op"]
[Site "Kishinev"]
[Date "2007.10.07"]
[Round "2"]
[White "Zajarnyi, Anatolyi"]
[Black "Opinca, Sorin"]
[Result "1-0"]
[WhiteElo "2317"]
[BlackElo "2093"]
[PlyCount "49"]
[EventDate "2007.10.06"]
[EventType "swiss"]
[EventRounds "9"]
[EventCountry "MDA"]
[SourceTitle "EXT 2008"]
[Source "ChessBase"]
[SourceDate "2007.11.25"]
[SourceVersion "1"]
[SourceVersionDate "2007.11.25"]
[SourceQuality "1"]

1. e4 d5 2. exd5 Qxd5 3. Nc3 Qd6 4. d4 Nf6 5. Nf3 a6 6. Ne5 Nc6 7. Bf4 Nxd4 8. Bd3 Nc6 9. Qe2 Qb4 10. Bc4 Nxe5 11. Bxe5 Nd7 12. 0-0-0 Nxe5 13. Qxe5 Qxc4 14. Nd5 f6 15. Qxc7 Qxa2 16. Rhe1 Kf7 17. Nxe7 h6 18. Rd8 Qa1+ 19. Kd2 Qxb2 20. Rxf8+ Kxf8 21. Qd8+ Kf7 22. Qd5+ Be6 23. Qxe6+ Ke8 24. Nf5+ Kd8 25. Qd6+ 1-0

[Event "Kishinev Binefacere op"]
[Site "Kishinev"]
[Date "2007.04.29"]
[Round "9"]
[White "Mocanu, Sergiu"]
[Black "Opinca, Sorin"]
[Result "1-0"]
[WhiteElo "2001"]
[BlackElo "2084"]
[PlyCount "95"]
[EventDate "2007.04.21"]
[EventType "swiss"]
[EventRounds "9"]
[EventCountry "MDA"]
[SourceTitle "CBM 118 Extra"]
[Source "ChessBase"]
[SourceDate "2007.07.04"]
[SourceVersion "1"]
[SourceVersionDate "2007.07.04"]
[SourceQuality "1"]

1. d4 Nf6 2. c4 c5 3. e3 e6 4. Nc3 b6 5. Nf3 Bb7 6. b3 Be7 7. Be2 0-0 8. 0-0 d6 9. Qc2 Nbd7 10. Rd1 Rc8 11. Qd3 a6 12. e4 cxd4 13. Qxd4 Qc7 14. Bb2 Rfd8 15. Nd2 Ne5 16. Na4 Ned7 17. Nc3 Ba8 18. Rac1 Ne5 19. Nf1 Qb7 20. Ng3 Ng6 21. Bf1 h5 22. Be2 h4 23. Nh5 Nxh5 24. Bxh5 Bf6 25. Qe3 b5 26. Bxg6 fxg6 27. cxb5 axb5 28. f3 g5 29. Qd3 g4 30. Rc2 h3 31. fxg4 hxg2 32. Rxg2 Bxc3 33. Bxc3 Qxe4 34. Qxe4 Bxe4 35. Rg3 Ra8 36. Rd2 Ra6 37. Re3 Bd5 38. Bb4 Rda8 39. a4 bxa4 40. bxa4 Rb6 41. Rd4 Rxa4 42. Bc3 Rb1+ 43. Kf2 Ra2+ 44. Rd2 Ra8 45. Kg3 Rg1+ 46. Kh4 Rf8 47. Rb2 Rh1 48. h3 1-0

[Event "Kishinev Binefacere op"]
[Site "Kishinev"]
[Date "2007.04.24"]
[Round "4"]
[White "Bargan, Sergei"]
[Black "Opinca, Sorin"]
[Result "1-0"]
[WhiteElo "2350"]
[BlackElo "2084"]
[PlyCount "53"]
[EventDate "2007.04.21"]
[EventType "swiss"]
[EventRounds "9"]
[EventCountry "MDA"]
[SourceTitle "CBM 118 Extra"]
[Source "ChessBase"]
[SourceDate "2007.07.04"]
[SourceVersion "1"]
[SourceVersionDate "2007.07.04"]
[SourceQuality "1"]

1. d4 Nf6 2. Nf3 c5 3. e3 e6 4. c4 cxd4 5. exd4 d5 6. Nc3 Be7 7. cxd5 Nxd5 8. Bd3 0-0 9. 0-0 Nc6 10. Re1 Bf6 11. Be4 a6 12. a3 Nxc3 13. bxc3 g6 14. h4 Ne7 15. h5 Qc7 16. Qb3 Rb8 17. g3 e5 18. hxg6 hxg6 19. Nxe5 Be6 20. Qb2 Bxe5 21. dxe5 b5 22. Bg5 Nd5 23. Bxd5 Bxd5 24. Bf6 Ba8 25. Re4 Bxe4 26. Qd2 Kh7 27. Qf4 1-0

[Event "Chebanenco Memorial"]
[Site "Kishinev"]
[Date "2007.03.20"]
[Round "13"]
[White "Itkis, Boris"]
[Black "Opinca, Sorin"]
[Result "1-0"]
[WhiteElo "2424"]
[BlackElo "2073"]
[PlyCount "121"]
[EventDate "2007.03.10"]
[EventType "tourn"]
[EventRounds "13"]
[EventCountry "MDA"]
[SourceTitle "EXT 2010"]
[Source "ChessBase"]
[SourceDate "2010.11.25"]
[SourceVersion "1"]
[SourceVersionDate "2010.11.25"]
[SourceQuality "1"]

1. d4 Nf6 2. Nf3 c5 3. d5 d6 4. Nc3 e5 5. e4 Be7 6. Be2 0-0 7. 0-0 Nbd7 8. a4 Ne8 9. Nd2 Bg5 10. Nc4 Bxc1 11. Qxc1 Nb6 12. Na3 a5 13. Nc4 Nxc4 14. Bxc4 g5 15. Nd1 f5 16. exf5 Bxf5 17. Ra3 Ng7 18. Ne3 Bd7 19. Rb3 Rb8 20. Bb5 Bf5 21. Be2 Bd7 22. Bb5 Bf5 23. Qd2 b6 24. Qe2 h6 25. Bd3 e4 26. Nxf5 Nxf5 27. Qxe4 Qd7 28. Qg4 Qf7 29. Be4 Nd4 30. Re3 Rbe8 31. c3 Nb3 32. Rf3 Qe7 33. Rxf8+ Qxf8 34. Bf5 Re5 35. Be6+ Kg7 36. Qd1 c4 37. g3 Re4 38. Re1 Rxe1+ 39. Qxe1 Nc5 40. Qe2 Nd3 41. Kg2 Qf6 42. Qe3 Nc5 43. Qe2 Nd3 44. Kf1 Qe5 45. Qxe5+ Nxe5 46. Bf5 Kf6 47. Bc2 g4 48. Ke2 Nf3 49. Ke3 Ke5 50. h4 Ne1 51. Be4 h5 52. Bg6 Nd3 53. Bxd3 cxd3 54. Kxd3 Kxd5 55. Ke3 Kc4 56. f4 gxf3 57. g4 hxg4 58. h5 Kb3 59. h6 Kxb2 60. h7 Kb3 61. h8Q 1-0

[Event "Chebanenco Memorial"]
[Site "Kishinev"]
[Date "2007.03.19"]
[Round "12"]
[White "Opinca, Sorin"]
[Black "Zhadko, Vladimir"]
[Result "0-1"]
[WhiteElo "2073"]
[BlackElo "2255"]
[PlyCount "62"]
[EventDate "2007.03.10"]
[EventType "tourn"]
[EventRounds "13"]
[EventCountry "MDA"]
[SourceTitle "EXT 2010"]
[Source "ChessBase"]
[SourceDate "2010.11.25"]
[SourceVersion "1"]
[SourceVersionDate "2010.11.25"]
[SourceQuality "1"]

1. d4 Nf6 2. c4 Nc6 3. g3 e5 4. d5 Bb4+ 5. Bd2 Bxd2+ 6. Qxd2 Ne7 7. Nc3 d6 8. Bh3 Nd7 9. e4 a5 10. f4 exf4 11. gxf4 Ng6 12. 0-0-0 Nb6 13. Bxc8 Rxc8 14. e5 0-0 15. c5 Nd7 16. c6 Nc5 17. Nf3 Re8 18. cxb7 Nxb7 19. e6 fxe6 20. Nd4 Nxf4 21. Qxf4 e5 22. Qg3 exd4 23. Rxd4 Qf6 24. Rf4 Qh6 25. Kb1 Rf8 26. Rhf1 Nc5 27. Nb5 Rxf4 28. Qxf4 Qg6+ 29. Ka1 h6 30. Qd4 Re8 31. Nxc7 Qf7 0-1

[Event "Chebanenco Memorial"]
[Site "Kishinev"]
[Date "2007.03.17"]
[Round "9"]
[White "Opinca, Sorin"]
[Black "Bargan, Sergei"]
[Result "0-1"]
[WhiteElo "2073"]
[BlackElo "2349"]
[PlyCount "90"]
[EventDate "2007.03.10"]
[EventType "tourn"]
[EventRounds "13"]
[EventCountry "MDA"]
[SourceTitle "EXT 2010"]
[Source "ChessBase"]
[SourceDate "2010.11.25"]
[SourceVersion "1"]
[SourceVersionDate "2010.11.25"]
[SourceQuality "1"]

1. d4 d6 2. c4 e5 3. Nf3 Nc6 4. d5 Nce7 5. e4 Ng6 6. g3 h5 7. h4 Nh6 8. Bxh6 Rxh6 9. Bh3 Bxh3 10. Rxh3 Be7 11. Qa4+ Qd7 12. Qxd7+ Kxd7 13. Nbd2 c6 14. dxc6+ bxc6 15. Nf1 f6 16. Ne3 Rh7 17. 0-0-0 Kc7 18. Nf5 Bf8 19. Ne1 Nh8 20. Nc2 a5 21. f3 Nf7 22. Rh2 g6 23. Nfe3 Nd8 24. a3 a4 25. Nb4 Ne6 26. Nec2 f5 27. Nd3 Bh6+ 28. Kb1 c5 29. g4 hxg4 30. fxg4 fxe4 31. Nf2 Bf4 32. Rhh1 e3 33. Ne4 Nd4 34. Nf6 e2 35. Rxd4 cxd4 36. Nxh7 d3 37. Nf6 dxc2+ 38. Kxc2 Bg3 39. Nd5+ Kb7 40. Kd2 e1Q+ 41. Rxe1 Bxe1+ 42. Kxe1 Rh8 43. h5 gxh5 44. gxh5 Rxh5 45. Kd2 Kc6 0-1

[Event "Ilichevsk Sunny Pawn op"]
[Site "Ilichevsk"]
[Date "2006.07.30"]
[Round "10"]
[White "Kigel, Dmytro"]
[Black "Opinca, Sorin"]
[Result "1-0"]
[WhiteElo "1993"]
[BlackElo "2105"]
[PlyCount "121"]
[EventDate "2006.07.20"]
[EventType "swiss"]
[EventRounds "11"]
[EventCountry "UKR"]
[SourceTitle "CBM 113 Extra"]
[Source "ChessBase"]
[SourceDate "2006.09.14"]
[SourceVersion "1"]
[SourceVersionDate "2006.09.14"]
[SourceQuality "1"]

1. c4 Nf6 2. Nc3 g6 3. g3 Bg7 4. Bg2 d6 5. e4 0-0 6. Nge2 e5 7. 0-0 c6 8. d4 Nbd7 9. h3 exd4 10. Nxd4 Nc5 11. Nb3 Nxb3 12. axb3 Be6 13. Bg5 Qd7 14. Kh2 Ne8 15. Qd2 f5 16. Rfe1 Nf6 17. Rad1 Rad8 18. Qe3 Qc7 19. c5 d5 20. exd5 Bxd5 21. Bxf6 Bxf6 22. Bxd5+ cxd5 23. Nxd5 Qf7 24. Nxf6+ Qxf6 25. Rxd8 Rxd8 26. Qf4 Qf7 27. b4 a6 28. Re2 Qd7 29. Qc4+ Qf7 30. Qh4 Rd7 31. Qf4 Rd8 32. Qe5 Qd7 33. Qf6 Re8 34. Rxe8+ Qxe8 35. Qd4 Qc6 36. Qf4 Qb5 37. h4 Qc6 38. h5 Qd7 39. h6 Qe7 40. Qb8+ Kf7 41. Qh8 Ke6 42. Qg8+ Kf6 43. Qd5 Kg5 44. Qd2+ Kf6 45. Qd4+ Ke6 46. f4 Qc7 47. Kg1 Qc6 48. Qe5+ Kd7 49. Qg7+ Kd8 50. Qh8+ Qe8 51. Qxe8+ Kxe8 52. Kf2 Ke7 53. Ke3 Kf6 54. Kd4 g5 55. Kd5 Kg6 56. Ke6 Kxh6 57. Kf6 gxf4 58. gxf4 Kh5 59. Kxf5 Kh4 60. Ke6 Kg3 61. f5 1-0

[Event "Kishinev ULIM Cup"]
[Site "Kishinev"]
[Date "2005.10.11"]
[Round "4"]
[White "Opinca, Sorin"]
[Black "Bulmaga, Irina"]
[Result "1-0"]
[WhiteElo "2032"]
[BlackElo "2122"]
[PlyCount "113"]
[EventDate "2005.10.08"]
[EventType "swiss"]
[EventRounds "9"]
[EventCountry "MDA"]
[SourceTitle "CBM 108 Extra"]
[Source "ChessBase"]
[SourceDate "2005.11.04"]
[SourceVersion "1"]
[SourceVersionDate "2005.11.04"]
[SourceQuality "1"]

1. d4 d5 2. c4 c6 3. Nf3 Nf6 4. e3 a6 5. b3 b5 6. Bd3 Bg4 7. Nbd2 e6 8. Qc2 Nbd7 9. 0-0 Bd6 10. Bb2 0-0 11. Ne5 bxc4 12. bxc4 c5 13. Bxh7+ Nxh7 14. Nxg4 Qh4 15. Ne5 cxd4 16. exd4 Bxe5 17. dxe5 Rac8 18. f4 Qe7 19. Qd3 dxc4 20. Nxc4 Qb4 21. Nd6 Rb8 22. Ba3 Qb6+ 23. Kh1 Rfd8 24. Rfc1 Nhf8 25. Qf3 Qa5 26. h4 Qb6 27. h5 f6 28. h6 g6 29. Nc4 Qb7 30. Qh3 Kh7 31. Nd6 Qa7 32. Nf7 Re8 33. exf6 Nxf6 34. Ng5+ Kh8 35. Bd6 Rbc8 36. Bxf8 Rxf8 37. Rxc8 Rxc8 38. Qxe6 Rf8 39. Re1 Qc7 40. Qe7 Qxe7 41. Rxe7 Nh5 42. Rg7 Nxg7 43. hxg7+ Kxg7 44. Ne6+ Kf7 45. Nxf8 Kxf8 46. Kh2 Kf7 47. Kg3 Kf6 48. Kg4 Kf7 49. Kg5 Kg7 50. g3 a5 51. a4 Kf7 52. Kh6 Kf6 53. g4 Kf7 54. g5 Kf8 55. Kxg6 Kg8 56. f5 Kh8 57. Kf7 1-0